00485 a2200217 4500260001000000630001800010037001300028650003900041100001700080260001800097245002700115300001100142650001400153260000900167300000900176100000700185037001200192037001200204250003300216020001800249 aParis a57 - Biologie b2, Achat a5 - SCIENCES EXACTES ET NATURELLES aWeil, J.-H.  bMasson et Cie aBiochimie générale a427 p. aBiochimie c1975 b21cm lFr aS 29578 aS 29579 a2e éd. revue et corrigée a2.225.41756.3